00559nam a2200157 a 4500008004100000020001800041050001800059100001800077245009400095260007500189300004600264350000900310650003700319650001300356650003200369081203s2007 ||||||||||||||||| || u a9781843696681 aSD 414.C4 Stu aStudley, John10aHearing a different drummer: a new paradigm for the 'keepers of the forest'cJohn Studley aLondon:bInternational Institute for Environment and Developmentc2007 axv, 80 pages : illustrations ; maps, etc. a0.00 aFOREST CONSERVATION--CHINA--KHAM aFORESTRY aFOREST ECOLOGY--CHINA--KHAM